Places That Rhyme - Statistics

General Stats
  • This quiz has been taken 27 times
  • The average score is 8 of 10
Answer Stats
Hint Answer % Correct
Biggest country Russia
100%
Spanish peninsula Iberia
92%
Old German state Prussia
88%
Himalayan country Bhutan
81%
Spanish neighbor Portugal
81%
Country around Gambia Senegal
81%
Asian part of Russia Siberia
81%
Has the most pyramids Sudan
81%
Country in Europe Spain
69%
Country in Europe Ukraine
58%
No matching quizzes found
Score Distribution
Percent of People with Each Score
Percentile by Number Answered
Your Score History
You have not taken this quiz